000 00339nam a2200121Ia 4500
999 _c8236
_d8236
008 191201s2018 xx 000 0 und d
100 _aSINGH, Harkishan
245 0 _aPractical pharmaceutical chemistry
260 _bVallabh Prakashan
_aNew Delhi
_c2018
300 _a208
650 _aPharmaceutical Inorganic Chemistry
942 _2ddc
_cBK
_02